| 000 | 01303cpmaa2200313 a 4500 | ||
|---|---|---|---|
| 001 | mm 79001811 | ||
| 003 | DLC | ||
| 005 | 20260227111638.0 | ||
| 008 | 791217|||||||||||| eng | ||
| 010 | _amm 79001811 | ||
| 040 |
_aDLC _cDLC _edacs _dDLC |
||
| 072 | 7 |
_aN _2lcmd |
|
| 100 | 1 |
_aSprague, Joseph E., _d1782-1852. |
|
| 245 | 0 | 0 |
_aJoseph E. Sprague correspondence, _f1832 October 23. |
| 300 |
_a1 _fitem. |
||
| 506 | 0 | _aOpen to research. | |
| 520 | 8 | _aALS written by Sprague to H. A. S. Dearborn discussing national politics and nullification and mentioning Henry Clay, Andrew Jackson, and William Wirt. | |
| 545 | 0 | _aOwner of a shipping and distillery business in Salem, Mass. | |
| 546 | _aCollection material in English. | ||
| 580 | _aForms part of: Miscellaneous Manuscripts collection. | ||
| 600 | 1 | 0 |
_aClay, Henry, _d1777-1852. |
| 600 | 1 | 0 |
_aDearborn, H. A. S. _q(Henry Alexander Scammell), _d1783-1851 _vCorrespondence. |
| 600 | 1 | 0 |
_aJackson, Andrew, _d1767-1845. |
| 600 | 1 | 0 |
_aWirt, William, _d1772-1834. |
| 650 | 0 | _aNullification (States' rights) | |
| 651 | 0 |
_aUnited States _xPolitics and government _y1829-1837. |
|
| 656 | 7 |
_aBusinessmen. _2itoamc |
|
| 999 |
_c40952 _d40952 |
||